000 00798nam a2200265Ia 4500
003 OSt
005 20220925231628.0
006 a|||||r|||| 00| 0
007 ta
008 220923b |||||||| |||| 00| 0 eng d
037 _cGeneral Book
040 _aRTL
_cRTL
_beng
041 _2eng
_aeng
082 _aX, L5
100 _aParkin Michael
245 0 _aContemporary issues in economics
260 _aManchester
_bManchester University Press
_c1975
300 _axi,439p
_ccm.
490 _aAssociation of University Teachers of Economics, Conference Proceedings, 1973
500 _aBibliography chapterwise
650 _aEconomic Theory
700 _a Nobay A R Ed.
_9287354
942 _hX, L5
_cGB
_2CC
999 _c588999
_d588999